DCeased: A Zombicide Game - All Heroes - Statistics

General Stats
  • This quiz has been taken 8 times
    6 since last reset
  • The average score is 19 of 88
Answer Stats
Found in... Answer % Correct
DCeased Core Box Batman
100%
Stretch Goals Superman
100%
DCeased Core Box Green Arrow
75%
Green Lantern Corpse Hal Jordan
75%
Gotham Knights Robin
75%
DCeased Core Box The Flash
75%
DCeased Core Box Wonder Woman
75%
Daily Snap Unlocks Alan Scott
50%
Stretch Goals Aquaman
50%
Green Lantern Corpse Arisia Rrab
50%
Gotham Knights Batgirl
50%
Stretch Goals Batgirl (Barbara Gordon)
50%
DCeased Core Box Cyborg
50%
Stretch Goals Darkseid (Yellow Lantern)
50%
Shadowpact Doctor Fate
50%
DCeased Core Box Green Canary
50%
Stretch Goals Guy Gardner
50%
Green Lantern Corpse Jessica Cruz
50%
Green Lantern Corpse John Stewart
50%
Green Lantern Corpse Kilowog
50%
Stretch Goals Kyle Rayner
50%
Gotham Knights Nightwing
50%
Gotham Knights Red Hood
50%
Green Lantern Corpse Soranik Natu
50%
Daily Snap Unlocks Superboy
50%
Stretch Goals Captain Atom
25%
Unkillables Deadshot
25%
Unkillables Deathstroke
25%
Arkham Asylum Harley Quinn
25%
DCeased Core Box Lex Luthor
25%
Stretch Goals Martian Manhunter
25%
Arkham Asylum Poison Ivy
25%
Stretch Goals Power Girl
25%
Stretch Goals Shazam!
25%
Green Lantern Corpse (KS Exclusive) Sinestro
25%
Unkillables Solomon Grundy
25%
Life Equation Set (After KS Add-On) Supergirl
25%
Daily Snap Unlocks The Atom
25%
Unkillables The Cheetah
25%
Unkillables The Creeper
25%
Stretch Goals Wonder Girl
25%
Shadowpact Zatanna
25%
Arkham Asylum Bane
0%
Life Equation Set (After KS Add-On) Beast Boy
0%
Undead Gods Big Barda
0%
Stretch Goals Black Adam
0%
Daily Snap Unlocks Black Lightning
0%
Stretch Goals Blue Beetle
0%
Shadowpact Blue Devil
0%
Stretch Goals Booster Gold
0%
Life Equation Set (After KS Add-On) Braniac
0%
Gotham Knights Catwoman
0%
Shadowpact Constantine
0%
Stretch Goals Deadman
0%
Shadowpact Enchantress
0%
Shadowpact Etrigan
0%
Stretch Goals Firestorm
0%
Stretch Goals Gorilla Grodd
0%
Undead Gods Granny Goodness
0%
DCeased Core Box Hawkgirl
0%
Stretch Goals Hawkman
0%
Undead Gods Highfather
0%
Arkham Asylum Hush
0%
Daily Snap Unlocks Kid Flash
0%
Unkillables Lady Shiva
0%
Stretch Goals Lobo
0%
Unkillables Mary Marvel
0%
Undead Gods Metron
0%
Stretch Goals Miss Martian
0%
Undead Gods Mister Miracle
0%
Arkham Asylum Mr. Freeze
0%
Undead Gods Orion
0%
Stretch Goals Peacemaker
0%
Daily Snap Unlocks Ra's al Ghul
0%
Daily Snap Unlocks Ravager
0%
Stretch Goals Raven
0%
Daily Snap Unlocks Red Tornado
0%
Gotham Knights Spoiler
0%
Stretch Goals Starfire
0%
Stretch Goals Static
0%
Stretch Goals Swamp Thing
0%
Stretch Goals Terra
0%
Gotham Knights (KS Exclusive) The Huntress
0%
Arkham Asylum (KS Exclusive) The Joker
0%
Stretch Goals The Penguin
0%
Stretch Goals The Question
0%
Stretch Goals The Riddler
0%
Arkham Asylum Two-Face
0%
No matching quizzes found
Score Distribution
Percent of People with Each Score
Percentile by Number Answered
Your Score History
You have not taken this quiz since the last reset